[Event "Hellir op"]
[Site "Reykjavik"]
[Date "1997.10.28"]
[Round "5"]
[White "Engqvist, Thomas"]
[Black "Thorfinnsson, Bjorn"]
[Result "1-0"]
[WhiteElo "2355"]
[BlackElo "2105"]

1.Nf3 Nf6 2.c4 c5 3.Nc3 g6 4.d4 cxd4 5.Nxd4 Bg7 6.e4 d6 7.Be2 O-O 8.O-O Nc6
9.Be3 Bd7 10.Rb1 a6 11.f3 Rc8 12.Qd2 Qa5 13.Rfc1 Nxd4 14.Bxd4 Be6 15.b3 Nd7
16.Be3 Rfe8 17.Bf1 b5 18.b4 Qc7 19.Nd5 Bxd5 20.cxb5 Qb8 21.Qxd5 e6 22.Qd3 Ne5
23.Qe2 d5 24.Rxc8 Qxc8 25.bxa6 d4 26.Bxd4 Nxf3+ 27.gxf3 Bxd4+ 28.Kh1 e5 29.Qc4 Qd8
30.b5 h5 31.a4 Qg5 32.Bg2 Qe3 33.a5 h4 34.b6 h3 35.Bxh3 Kg7 36.a7 Rh8 37.Qf1 Qc3
38.a6 Qc5 39.Qb5 Qc3 40.Qf1 Qa5 41.a8=Q Rxa8 42.b7 Rb8 43.Bc8 Ba7 44.Qb5 Qc3
45.Qb3 Qd2 46.Rd1 Qf2 47.Qd3 Bd4 48.Qf1 Qb2 49.Qg2 Qc3 50.Qe2 Qc5 51.Kg2 Qb6
52.Qa2 Qa7 53.Qa5 Kh7 54.Rc1 Be3 55.Rd1 Bd4 56.Qa2 Kg7 57.Rd2 Kg8 58.Kf1 Kg7
59.h4 Kg8 60.Kg2 Kg7 61.Kh3 Kg8 62.h5 gxh5 63.Rg2+ Kf8 64.Qd5 Qb6 65.a7 Qf6
66.Qd8+  1-0

[Event "AUT-chT3 9798"]
[Site "Vorarlberg "]
[Date "1997.10.31"]
[Round "2"]
[White "Laske, Erich"]
[Black "Hagen, Kurt"]
[Result "1-0"]
[WhiteElo "2025"]
[BlackElo "2101"]

1.Nf3 b6 2.c4 c5 3.Nc3 Nf6 4.e4 d6 5.d4 Nc6 6.d5 Ne5 7.Nxe5 dxe5 8.Be2 g6
9.Be3 Bg7 10.f3 a6 11.Qd2 h6 12.a4 a5 13.g4 Kf8 14.O-O-O Bd7 15.h4 h5 16.g5 Ne8
17.Rhf1 Nd6 18.Bd3 Ke8 19.Qh2 Rf8 20.Bd2 Qc8 21.b3 Nb7 22.Rde1 Qb8 23.f4 Bg4
24.f5 Kd7 25.f6 exf6 26.gxf6 Bh8 27.Nb5 Re8 28.Bc3 Kd8 29.d6 Kd7 30.Bxe5 Nd8
31.Nc7 Nc6 32.Bc3 Ra7 33.Nxe8 Qxe8 34.e5 Be6 35.Be4 Ra8 36.Qg2 Rc8 37.Bd5 Nd8
38.Bb7 Rb8 39.Ba6 Nc6 40.Bb5 Rc8 41.Bd2 Kd8 42.Bg5 Kd7 43.Rd1 Qf8 44.Rf2 Qd8
45.Rfd2 Qe8 46.Rd5 Bg4 47.Re1 Qe6 48.Kb2 Bh3 49.Qh1 Bg4 50.Rd2 Qe8 51.b4 cxb4
52.Qd5 Be6 53.Qd4 Qd8 54.Be3 Rb8 55.Qe4 Rc8 56.Rc1 Bf5 57.Qg2 Qe8 58.Bd4 Qe6
59.c5 Bh3 60.Qh1 Qg4 61.cxb6 Qg3 62.Rd3 Qg2+ 63.Qxg2 Bxg2 64.Rd2 Bd5 65.Re2 Bf3
66.Rec2 Be4 67.Rc5 g5 68.b7 Rb8 69.Bxc6+ Bxc6 70.Rxc6 Rxb7 71.Rc7+ Rxc7 72.Rxc7+ Kd8
73.Rxf7  1-0

[Event "RUS-Cup01 Chigorin mem"]
[Site "St Petersburg"]
[Date "1997.11.01"]
[Round "1"]
[White "Bezman, Vadim"]
[Black "Shipov, Sergei"]
[Result "0-1"]
[WhiteElo "2370"]
[BlackElo "2575"]

1.c4 Nf6 2.Nc3 c5 3.Nf3 e6 4.g3 b6 5.Bg2 Bb7 6.O-O Be7 7.d4 cxd4 8.Qxd4 d6
9.e4 O-O 10.b3 Nbd7 11.Rd1 Qc8 12.Qe3 Re8 13.h3 a6 14.Bb2 Qc7 15.Nd4 Bf8
16.Rac1 Rac8 17.Re1 Qb8 18.Kh2 g6 19.Rcd1 Bg7 20.Qe2 d5 21.exd5 exd5 22.Qf1 Rxe1
23.Rxe1 dxc4 24.bxc4 Bxg2 25.Qxg2 Bf8 26.Nd5 Rxc4 27.Ne7+ Bxe7 28.Rxe7 Qd6
29.Qa8+ Nf8 30.Re2 Rxd4 31.Bxd4 Qxd4 32.Qxa6 Ne6 33.Qa8+ Kg7 34.Qf3 Ng5 35.Qb3 Nxh3
36.Qb2 Qg4 37.Rc2 Ng5 38.Qc3 Qe4 39.Rb2 Qe6 40.Kg1 h5 41.Kf1 Ne4 42.Qd4 Qd5
43.Qxb6 Nd2+  0-1

[Event "RUS-Cup01 Chigorin mem"]
[Site "St Petersburg"]
[Date "1997.11.02"]
[Round "2"]
[White "Poluljahov, Aleksandr"]
[Black "Ivanov, MI."]
[Result "1-0"]
[WhiteElo "2510"]
[BlackElo "2320"]

1.Nf3 Nf6 2.c4 c5 3.Nc3 g6 4.e4 Bg7 5.d4 cxd4 6.Nxd4 O-O 7.Be2 Nc6 8.Be3 d6
9.O-O Nxd4 10.Bxd4 Be6 11.f4 Qd7 12.h3 Rfc8 13.b3 Ne8 14.Bf3 Qc7 15.f5 Bd7
16.Nd5 Qd8 17.Bxg7 Nxg7 18.Bg4 e6 19.Nf6+ Qxf6 20.fxe6 Qe5 21.exf7+ Kf8 22.Bxd7 Rc7
23.Be8 Rd8 24.Qd2 Nxe8 25.fxe8=Q+ Kxe8 26.Rad1 Re7 27.Rf4 Kd7 28.Qf2 b6 29.Rd5 Qa1+
30.Kh2 Kc7 31.Qd2 Rdd7 32.b4 Re5 33.Rxd6 Ree7 34.Rd5 g5 35.Rff5 h6 36.c5 Qg7
37.Qd3 g4 38.Qg3+ Kb7 39.hxg4 Rxe4 40.Qf3 Rde7 41.Rd7+ Rxd7 42.Qxe4+ Kb8
43.c6 Rc7 44.b5 a6 45.a4 Ka7 46.a5 Re7 47.Qb4 axb5 48.Rxb5 Qf6 49.axb6+ Kb8
50.g5 hxg5 51.c7+ Kb7 52.Ra5 Qh6+ 53.Kg1 Re1+ 54.Qxe1 Kxb6 55.Kf1  1-0

[Event "RUS-Cup01 Chigorin mem"]
[Site "St Petersburg"]
[Date "1997.11.06"]
[Round "6"]
[White "Lerner, Konstantin Z"]
[Black "Romanovich, Leonid"]
[Result "1-0"]
[WhiteElo "2560"]
[BlackElo "2350"]

1.Nf3 c5 2.c4 Nf6 3.Nc3 d5 4.cxd5 Nxd5 5.e3 Nxc3 6.bxc3 g6 7.h4 h5 8.Bc4 e6
9.d4 Bg7 10.e4 O-O 11.O-O Qa5 12.Bd2 Nc6 13.e5 Ne7 14.Rb1 Qc7 15.Bd3 b6 16.Be4 Bb7
17.Bxb7 Qxb7 18.dxc5 Qc7 19.cxb6 axb6 20.Qb3 Rfc8 21.Rfe1 Nd5 22.Nd4 Qc4
23.Qxc4 Rxc4 24.Rb2 Bf8 25.Nb5 Ba3 26.Nxa3 Rxa3 27.g3 Rca4 28.Ra1 Kg7 29.Kf1 Nxc3
30.Rxb6 Ne4 31.Rb2 Rf3 32.Bf4 Rfa3 33.Rc2 Rc3 34.Rxc3 Nxc3 35.a3 Kf8 36.Be3 Ke8
37.Bc5 Kd7 38.Bb4 Nd5 39.Bd6 Nb6 40.Rb1 Kc6 41.Rb3 Nc4 42.Rc3 Kd5 43.Rd3+ Kc6
44.Rd4 Kb5 45.Ke2 Ra5 46.Rf4 Nxd6 47.exd6 Ra7 48.Rd4 Rd7 49.f4 Kc5 50.Kd3 f6
51.Kc3 Kb5 52.a4+ Kc5 53.Rd1 e5 54.fxe5 fxe5 55.a5 e4 56.Ra1 Ra7 57.a6 Kxd6
58.Kd4  1-0

[Event "RUS-Cup01 Chigorin mem"]
[Site "St Petersburg"]
[Date "1997.11.08"]
[Round "8"]
[White "Lerner, Konstantin Z"]
[Black "Totsky, Leonid"]
[Result "1/2-1/2"]
[WhiteElo "2560"]
[BlackElo "2485"]

1.c4 e6 2.Nc3 c5 3.Nf3 Nf6 4.g3 b6 5.Bg2 Bb7 6.O-O Nc6 7.e4 d6 8.d4 e5 9.dxe5 dxe5
10.Qa4 Bd6 11.Bg5 h6 12.Bxf6 Qxf6 13.Nd5 Qd8 14.Rad1 O-O 15.Rd2 Nd4 16.Nxd4 cxd4
17.Bh3 a6 18.Qc2 Ra7 19.Qd3 a5 20.f4 Bxd5 21.cxd5 Rc7 22.Rdf2 Re8 23.fxe5 Bxe5
24.Kh1 Qd6 25.Rc2 Ree7 26.Rfc1 Rxc2  1/2-1/2

[Event "GER-ch"]
[Site "Gladenbach"]
[Date "1997.11.17"]
[Round "1"]
[White "Buhr, Carl Christian"]
[Black "Slobodjan, Roman"]
[Result "0-1"]
[WhiteElo "2340"]
[BlackElo "2550"]

1.c4 c5 2.Nf3 Nf6 3.Nc3 e6 4.g3 b6 5.Bg2 Bb7 6.O-O Be7 7.Re1 d5 8.cxd5 Nxd5
9.e4 Nxc3 10.bxc3 O-O 11.d4 cxd4 12.cxd4 Nc6 13.Bb2 Na5 14.Qd3 Rc8 15.Rac1 Qd6
16.d5 Rxc1 17.Bxc1 Rd8 18.Ng5 e5 19.Qf3 Rf8 20.Qh5 Qg6 21.Qxg6 hxg6 22.f4 Bb4
23.Rd1 Bc5+ 24.Kh1 Nc4 25.Nf3 exf4 26.Bxf4 Ne3 27.Bxe3 Bxe3 28.Ne5 Rd8 29.Nc4 Bc5
30.Rc1 Ba8 31.Ne5 Re8 32.Nd3 Bd6 33.Kg1 Bb7 34.Kf2 f6 35.Nb2 Bc5+ 36.Kf3 f5
37.Kf4 fxe4 38.Bxe4 g5+ 39.Kxg5 Rxe4  0-1

[Event "GER-ch"]
[Site "Gladenbach"]
[Date "1997.11.22"]
[Round "6"]
[White "Oswald, Hans Joachim"]
[Black "Seger, Ruediger"]
[Result "1/2-1/2"]
[WhiteElo "2330"]
[BlackElo "2340"]

1.Nf3 Nf6 2.c4 g6 3.Nc3 c5 4.g3 Bg7 5.Bg2 O-O 6.O-O Nc6 7.d4 cxd4 8.Nxd4 d6
9.b3 Bd7 10.Bb2 Nxd4 11.Qxd4  1/2-1/2

[Event "GP Kiryat Shmuel"]
[Site "Kiryat Shmuel"]
[Date "1997.11.26"]
[Round "8"]
[White "Tsesarsky, Ilya"]
[Black "Tseitlin, Mark D"]
[Result "0-1"]
[WhiteElo "2445"]
[BlackElo "2530"]

1.Nf3 Nf6 2.c4 c5 3.Nc3 d5 4.cxd5 Nxd5 5.e4 Nb4 6.Bc4 Be6 7.Bxe6 Nd3+ 8.Kf1 fxe6
9.Ng5 Qb6 10.Qf3 c4 11.b3 h6 12.Nf7 Rh7 13.bxc4 Qd4 14.Ke2 Nc5 15.Ba3 Qxc4+
16.Kd1 Nbd7 17.Rb1 g6 18.Nb5 Rc8 19.Rb4 Qxa2  0-1

[Event "Asker 75th"]
[Site "Asker"]
[Date "1997.11.29"]
[Round "8"]
[White "Gausel, Einar"]
[Black "Akesson, Ralf"]
[Result "1-0"]
[WhiteElo "2540"]
[BlackElo "2520"]

1.Nf3 c5 2.c4 Nf6 3.Nc3 e6 4.g3 b6 5.Bg2 Bb7 6.O-O Be7 7.Re1 d5 8.cxd5 exd5
9.d4 O-O 10.Bf4 Na6 11.dxc5 Nxc5 12.Be5 Qd7 13.Bd4 Rad8 14.Rc1 Ne6 15.Qb3 Ne4
16.Red1 Nxd4 17.Nxd4 Bc5 18.e3 Qe7 19.Qc2 g6 20.a3 h5 21.Qe2 Rfe8 22.Rc2 Qf6
23.Nxe4 dxe4 24.Rcd2 a6 25.Qc4 Rc8 26.Qb3 Red8 27.Ne2 Rxd2 28.Rxd2 Rd8 29.Qd1 Rxd2
30.Qxd2 Qd6 31.Qc2 Qd8 32.Nc3 f5 33.Na4 Qc7 34.Bf1 a5 35.Qc4+ Kg7 36.Qe6 Bc8
37.Nxc5 Qxc5 38.Qe8 Qf8 39.Qe5+ Kg8 40.h4 Qd8 41.Qb8 Kh7 42.Kg2 f4 43.Qxf4 Bf5
44.Qe5 Qc8 45.Bb5 Qc2 46.Qe7+ Kg8 47.Be8 Qb3 48.Qf6 Kh7 49.g4 hxg4 50.h5  1-0

[Event "Hoogovens"]
[Site "Merrillville"]
[Date "1997.11.29"]
[Round "3"]
[White "Van Wely, Loek"]
[Black "Yermolinsky, Alex"]
[Result "1/2-1/2"]
[WhiteElo "2655"]
[BlackElo "2650"]

1.Nf3 c5 2.c4 Nf6 3.Nc3 e6 4.g3 b6 5.Bg2 Bb7 6.O-O Be7 7.Re1 Ne4 8.d4 Nxc3
9.bxc3 O-O 10.d5 d6 11.dxe6 fxe6 12.Bh3 e5 13.Be6+ Kh8 14.Bd5 Bxd5 15.cxd5 e4
16.Nd2 e3 17.fxe3 Nd7 18.c4 Ne5 19.Qc2 Qe8 20.Bb2 Ng4 21.Nf3 Bf6 22.e4 Bxb2
23.Qxb2 Qxe4 24.Qb3 Ne3 25.Rac1 Rae8 26.Rc3 h6 27.Rec1 Nf5 28.Rd3 Nd4 29.Nxd4 cxd4
30.Re1 Qf5 31.Qd1 Qf2+ 32.Kh1 Re4 33.Rd2 Qf6 34.Kg2 Qf2+ 35.Kh1 Qf6 36.Kg2 Qe5
37.Rf1 Rc8 38.Rc2 Re3 39.Rf4 Re4 40.Qf1 Rxf4 41.Qxf4 Qxf4 42.gxf4 b5 43.c5 dxc5
44.Kf3 Kg8 45.d6 Kf7 46.d7 Rd8 47.Rxc5 Rxd7 48.Rxb5 d3 49.exd3 Rxd3+ 50.Ke4 Ra3
51.Rb2 Kf6 52.Rc2 Ra4+ 53.Kf3 g5 54.fxg5+ hxg5 55.Kg3 Kf5 56.Rc5+ Kg6 57.Rc2 Kh5
58.h3 Ra3+ 59.Kg2 a5 60.Rc5 Rxa2+ 61.Kg3 Ra3+ 62.Kg2 a4 63.Rc4 Ra2+ 64.Kg3 Ra1
65.Rb4 a3 66.Ra4 Kg6 67.Ra5 Kf6 68.Kg2  1/2-1/2

[Event "AUT-chT2S 9798"]
[Site "Austria"]
[Date "1997.12.06"]
[Round "5"]
[White "Tratar, Marko"]
[Black "Mazi, Leon"]
[Result "1-0"]
[WhiteElo "2395"]
[BlackElo "2365"]

1.Nf3 Nf6 2.c4 e6 3.Nc3 c5 4.g3 b6 5.Bg2 Bb7 6.O-O Be7 7.d4 cxd4 8.Qxd4 d6
9.Bg5 a6 10.Bxf6 Bxf6 11.Qf4 O-O 12.Rfd1 Be7 13.Ne4 Bxe4 14.Qxe4 Ra7 15.Qe3 Qc7
16.Rac1 Qc5 17.Qd2 Rc8 18.Nd4 Rac7 19.Bh3 Qh5 20.Nxe6 Qxh3 21.Nxc7 Rxc7 22.Qe3 Rb7
23.c5 bxc5 24.Rxc5 dxc5 25.Qxe7 Nd7 26.Qe8+ Nf8 27.Rd8 h6 28.Qxf8+ Kh7 29.Qg8+ Kg6
30.Rd6+ f6 31.Qe8+ Rf7 32.Rxa6  1-0

[Event "Petah Tiqwa"]
[Site "Petah Tiqwa"]
[Date "1997.12.08"]
[Round "3"]
[White "Tsesarsky, Ilya"]
[Black "Zilberman, Yaacov"]
[Result "0-1"]
[WhiteElo "2445"]
[BlackElo "2560"]

1.Nf3 c5 2.c4 Nf6 3.Nc3 b6 4.d4 cxd4 5.Nxd4 Bb7 6.f3 g6 7.e4 d6 8.Be3 Bg7
9.Qd2 Nbd7 10.g4 Rc8 11.Rd1 a6 12.h4 Ne5 13.b3 h5 14.g5 Nfd7 15.Bh3 b5 16.f4 Ng4
17.Bxg4 hxg4 18.h5 bxc4 19.h6 Bf8 20.b4 e5 21.Nc2 exf4 22.Bxf4 Ne5 23.Bxe5 dxe5
24.Qe3 Bd6 25.O-O Qe7 26.Rf6 Bb8 27.Kg2 O-O 28.Nd5 Bxd5 29.exd5 e4 30.d6 Qe5
31.Qd4 Qxd4 32.Rxd4 Rfd8 33.Kg3 Rxd6 34.Rfxd6 Rc6 35.Kxg4 Bxd6 36.Rxe4 Kh7
37.Kf3 Rc7 38.a4 Be7 39.Re5 Rb7 40.Ke4 c3 41.Ke3 Rd7 42.b5 axb5 43.axb5 Bd8
44.Na3 Rd2 45.Nc4 Rg2 46.Kd3 c2 47.Re1 Bxg5  0-1

[Event "Rishon Le Ziyyon 9798"]
[Site "Rishon Le Ziyyon"]
[Date "1997.12.25"]
[Round "1"]
[White "Fridman, Daniel"]
[Black "Bar, Roman"]
[Result "1-0"]
[WhiteElo "2480"]
[BlackElo "2210"]

1.Nf3 Nf6 2.c4 c5 3.Nc3 e6 4.g3 b6 5.Bg2 Bb7 6.O-O Be7 7.Re1 d5 8.cxd5 Nxd5
9.e4 Nxc3 10.bxc3 O-O 11.d4 cxd4 12.cxd4 Nc6 13.Bf4 Bf6 14.Be3 Rc8 15.Rc1 Re8
16.h4 Na5 17.Rxc8 Qxc8 18.Bg5 Bxg5 19.hxg5 Rd8 20.Qd2 Nc4 21.Qf4 b5 22.Bf1 Rd7
23.Rb1 a6 24.a4 bxa4 25.Bxc4 Qxc4 26.Qb8+  1-0

[Event "Viking op"]
[Site "Aaland-Stockholm"]
[Date "1997.??.??"]
[Round "?"]
[White "Nielsen, Peter Heine"]
[Black "Greenfeld, Alon"]
[Result "1/2-1/2"]
[WhiteElo "2515"]
[BlackElo "2540"]

1.c4 Nf6 2.Nc3 c5 3.Nf3 e6 4.e4 Nc6 5.Be2 d5 6.e5 Ne4 7.O-O Be7 8.Qc2 Ng5
9.Nxg5 Bxg5 10.cxd5 exd5 11.Bb5 Be7 12.Bxc6+ bxc6 13.d3 Bf5 14.Qe2 Qa5 15.Qf3 Bg6
16.Ne2  1/2-1/2

[Event "Andorra op"]
[Site "Andorra"]
[Date "1997.??.??"]
[Round "3"]
[White "Gamundi, Antonio"]
[Black "Magem Badals, Jorge"]
[Result "1-0"]
[WhiteElo "2440"]
[BlackElo "2570"]

1.c4 c5 2.Nf3 Nf6 3.Nc3 d5 4.cxd5 Nxd5 5.g3 Nc6 6.Bg2 Nc7 7.O-O e5 8.a3 f6
9.e3 Ne6 10.Nh4 g6 11.f4 exf4 12.gxf4 f5 13.Nf3 Bg7 14.b4 O-O 15.Qb3 Kh8
16.Bb2 a5 17.b5 Ne7 18.Na4 Nd5 19.Bxg7+ Kxg7 20.Ne5 Nb6 21.Nxb6 Qxb6 22.Qc3 Kg8
23.a4 Qd8 24.Rac1 Ra7 25.Rf2 Re8 26.Bf1 Qd6 27.Bc4 b6 28.Rg2 Rg7 29.Nc6 Kh8
30.h4 Bb7 31.h5 Kg8 32.hxg6 Rxg6 33.Rxg6+ hxg6 34.Qf6 Kh7  1-0

[Event "Andorra op"]
[Site "Andorra"]
[Date "1997.??.??"]
[Round "4"]
[White "Ivanov, Jordan"]
[Black "Djuric, Stefan"]
[Result "1-0"]
[WhiteElo "2365"]
[BlackElo "2535"]

1.Nf3 Nf6 2.c4 c5 3.Nc3 d5 4.cxd5 Nxd5 5.d4 Nxc3 6.bxc3 g6 7.e4 Bg7 8.Rb1 O-O
9.Be2 b6 10.O-O Bb7 11.Qd3 cxd4 12.cxd4 e6 13.Bg5 Qd7 14.Rfd1 h6 15.Bf4 Ba6
16.Qe3 Bxe2 17.Qxe2 Nc6 18.d5 exd5 19.exd5 Na5 20.Rbc1 Qa4 21.Bc7 Nb7 22.Rc4 Rfe8
23.Rxa4 Rxe2 24.Bxb6 Bf8 25.Rd2 Rxd2 26.Nxd2 a5 27.Rc4 Bb4 28.Ne4 f5 29.Rc7 fxe4
30.Rxb7 Rc8 31.Rc7 Rd8 32.Rg7+ Kxg7 33.Bxd8 a4 34.Kf1 Kf7 35.Ke2 Bc5 36.f3 exf3+
37.Kxf3 Bd6 38.h3 Ke8 39.Bf6 Kd7 40.Bg7 h5 41.Ke4 Ba3 42.Kd3 Bd6 43.Kc4 Ke7
44.Bd4 Bg3 45.Bc5+ Kf6 46.Kb5 Ke5 47.d6  1-0

[Event "Ano Liosia op"]
[Site "Ano Liosia"]
[Date "1997.??.??"]
[Round "3"]
[White "Vul, Arkadi Eremeevich"]
[Black "Gocheva, Rumiana B"]
[Result "1-0"]
[WhiteElo "2395"]
[BlackElo "2215"]

1.Nf3 c5 2.c4 Nf6 3.Nc3 e6 4.g3 b6 5.Bg2 Bb7 6.O-O a6 7.b3 d6 8.d4 cxd4 9.Qxd4 Nbd7
10.Rd1 Qc7 11.e4 Be7 12.Ba3 Nc5 13.e5 dxe5 14.Qxe5 Rc8 15.Qxc7 Rxc7 16.Ne5 Bxg2
17.Kxg2 Ncd7 18.Nxd7 Bxa3 19.Nxf6+ gxf6 20.Rd3 Rd7 21.Rad1 Rxd3 22.Rxd3 Ke7
23.f4 f5 24.Kf3 h5 25.Re3 Bc5 26.Re1 Rd8 27.Rd1 Rxd1 28.Nxd1 Bd4 29.Ne3 Kd6
30.Nc2 Kc5 31.h3 f6 32.g4 hxg4+ 33.hxg4 fxg4+ 34.Kxg4 Bc3 35.f5 exf5+ 36.Kxf5 b5
37.cxb5 axb5 38.a4  1-0

[Event "BEL-chT 9798"]
[Site "Antwerp"]
[Date "1997.??.??"]
[Round "2"]
[White "Laurent, Bruno"]
[Black "Claesen, Jeroen"]
[Result "1-0"]
[WhiteElo "2225"]
[BlackElo "2290"]

1.Nf3 Nf6 2.c4 c5 3.Nc3 d5 4.cxd5 Nxd5 5.e4 Nb4 6.Bb5+ N8c6 7.d4 cxd4 8.a3 Bd7
9.axb4 dxc3 10.Qb3 Qb6 11.Bc4 Qxb4 12.Bxf7+ Kd8 13.bxc3 Qxb3 14.Bxb3 g6 15.Be3 Bg7
16.Nd4 b6 17.O-O Kc7 18.Rfd1 Na5 19.Ne6+ Bxe6 20.Bf4+ Kb7 21.Bxe6 Rad8 22.Bd5+ Kc8
23.Ra2 Rhf8 24.g3 h6 25.Rad2 e5 26.Be3 Kc7 27.Ra1 Rd7 28.c4 Rfd8 29.c5 Bf8
30.cxb6+ axb6 31.Rc2+ Kb8 32.Bxb6 Rxd5 33.exd5 Nb3 34.Rb1  1-0

[Event "Argenteuil"]
[Site "Argenteuil"]
[Date "1997.??.??"]
[Round "6"]
[White "Nikcevic, Nebojsa"]
[Black "Silva, Sebastain"]
[Result "1-0"]
[WhiteElo "2525"]
[BlackElo "2375"]

1.Nf3 c5 2.c4 Nf6 3.Nc3 b6 4.e4 d6 5.d4 cxd4 6.Nxd4 Bb7 7.Qe2 g6 8.g3 Nc6
9.Nxc6 Bxc6 10.Bg2 Bg7 11.Be3 O-O 12.O-O Qc8 13.Rac1 Qb7 14.Bg5 h6 15.Bd2 a5
16.Nd5 Rfe8 17.b3 Nd7 18.Bc3 Bxd5 19.exd5 Bxc3 20.Rxc3 Qc7 21.Re3 Nf6 22.a4 Ra7
23.h4 Qc5 24.Bh3 Kg7 25.Kh2 Nh5 26.f4 f5 27.Re6 Nf6 28.h5 gxh5 29.Bxf5 Qd4
30.Rd1 Qc3 31.Rd3 Qa1 32.Rde3 Kf7 33.Kg2 h4 34.g4 Qd4 35.Qf2 Kg8 36.Rh3 Qxf2+
37.Kxf2 Kg7 38.Rxh4 Rh8 39.g5 hxg5 40.Rxh8 Kxh8 41.fxg5 Ng8 42.Rg6 e5 43.dxe6 Rc7
44.Be4 Rc5 45.Bd5 Rc8 46.Rf6  1-0

[Event "AUT-chT2W 9798"]
[Site "Austria"]
[Date "1997.??.??"]
[Round "5"]
[White "Poettinger, Harald"]
[Black "Baerner, Helmut"]
[Result "1/2-1/2"]
[WhiteElo "2260"]
[BlackElo "2125"]

1.Nf3 Nf6 2.c4 c5 3.Nc3 g6 4.d4 cxd4 5.Nxd4 Nc6 6.g3 d6 7.Bg2 Bd7 8.Nc2 Bg7
9.O-O O-O 10.b3 Qc8 11.Bb2 Bh3 12.Rc1 Bxg2 13.Kxg2 Ne4 14.Qd3 Nxc3 15.Bxc3 Ne5
16.Qd4 Qc5 17.Rfd1 Rfd8 18.Ne3 Qxd4 19.Bxd4 Nc6 20.Bxg7 Kxg7 21.Nd5 Kf8 22.f4 Rac8
23.Kf2 Nb8 24.g4 Nd7 25.Kf3 Rc6 26.h4 Rdc8 27.Rb1 a6 28.e3 Rc5 29.g5 Ke8
30.Rb2 b5 31.cxb5 Rxb5 32.a4 Rb7 33.h5  1/2-1/2

[Event "AUT-chT2W 9798"]
[Site "Austria"]
[Date "1997.??.??"]
[Round "5"]
[White "Stangl, Markus"]
[Black "Medvegy, Zoltan"]
[Result "1-0"]
[WhiteElo "2530"]
[BlackElo "2360"]

1.Nf3 c5 2.c4 Nf6 3.Nc3 b6 4.e4 d6 5.d4 cxd4 6.Nxd4 Bb7 7.Bd3 g6 8.b3 Bg7
9.Bb2 Nbd7 10.Qe2 O-O 11.Rd1 Re8 12.Bb1 a6 13.O-O e6 14.Rd2 d5 15.e5 Nxe5
16.Qxe5 Ne4 17.Qxg7+ Kxg7 18.Nxe4 Kg8 19.cxd5 Bxd5 20.Nf3 Qc7 21.Nf6+ Kf8
22.Ng5 Qb7 23.Ngxh7+ Ke7 24.Ba3+ Kd8 25.Nxe8  1-0

[Event "AUT-chT2S 9697"]
[Site "Austria"]
[Date "1997.??.??"]
[Round "9"]
[White "Wilfling, Hermann"]
[Black "Tschurl, M."]
[Result "1/2-1/2"]
[WhiteElo "2010"]
[BlackElo "2095"]

1.Nf3 Nf6 2.c4 c5 3.Nc3 b6 4.g3 Bb7 5.Bg2 d6 6.O-O Nbd7 7.Re1 e6 8.e4 a6
9.d4 cxd4 10.Nxd4 Qc7 11.Bf1 Be7 12.Bg5 O-O 13.Rc1 Rac8  1/2-1/2

[Event "AUT-chT9697"]
[Site "Austria"]
[Date "1997.??.??"]
[Round "10"]
[White "Hoelzl, Franz"]
[Black "Brestian, Egon"]
[Result "1/2-1/2"]
[WhiteElo "2500"]
[BlackElo "2500"]

1.c4 c5 2.Nf3 Nf6 3.Nc3 g6 4.d4 cxd4 5.Nxd4 Bg7 6.e4 d6 7.Be2 O-O 8.O-O Nc6
9.Be3 Bd7 10.Qd2 Ng4 11.Bxg4 Bxg4 12.f4 Nxd4 13.Bxd4 e5 14.Be3 exf4 15.Bxf4 Rc8
16.Nd5 Be6 17.Bxd6 Qxd6 18.Nf6+ Bxf6 19.Qxd6 Bxb2 20.Rab1 Rfd8 21.Qxd8+ Rxd8
22.Rxb2 Bxc4 23.Rc1 b5 24.a4  1/2-1/2

[Event "Wch Seniors"]
[Site "Bad Wildbad"]
[Date "1997.??.??"]
[Round "2"]
[White "Loechner, Friedrich"]
[Black "Schiffler, Gerhard"]
[Result "0-1"]
[WhiteElo "1813"]
[BlackElo "1543"]

1.c4 c5 2.Nc3 Nf6 3.Nf3 b6 4.d4 cxd4 5.Nxd4 Bb7 6.Qc2 e6 7.e4 d6 8.Be2 Be7
9.Be3 Nbd7 10.f3 O-O 11.Rd1 a6 12.O-O Rc8 13.Qb1 Ne5 14.b3 b5 15.Rc1 bxc4
16.bxc4 Qd7 17.Nd1 Rc7 18.Nb2 Rfc8 19.Rfd1 Qe8 20.g4 h6 21.h4 Nh7 22.f4 Nd7
23.g5 hxg5 24.hxg5 e5 25.Nf5 exf4 26.Bxf4 Nxg5 27.Nxe7+ Qxe7 28.Bxd6 Nh3+
29.Kh2 Qh4 30.Bg3 Qh6 31.Rd6 Nf6 32.Rxf6 gxf6 33.Bxc7 Rxc7 34.Kg3 Rc5 35.Bg4 Qe3+
36.Kh2 Nf2 37.Rg1 Qf4+ 38.Rg3 Nxg4+  0-1

[Event "Wch Seniors"]
[Site "Bad Wildbad"]
[Date "1997.??.??"]
[Round "2"]
[White "Nopp, Josef"]
[Black "Hund, Juliane"]
[Result "1/2-1/2"]
[WhiteElo "1900"]
[BlackElo "1615"]

1.c4 Nf6 2.Nc3 e6 3.Nf3 c5 4.g3 Nc6 5.Bg2 d5 6.cxd5 exd5 7.d4 Be6 8.O-O Ne4
9.Qa4 Nxc3 10.bxc3 Bd7 11.Qd1 Be6 12.Ba3 Qa5 13.Qc1 Be7 14.Rb1 Rb8 15.Nd2 cxd4
16.Bxe7 Nxe7 17.cxd4 O-O 18.Qb2 Qc7 19.Rfc1 Qd7 20.Nf3 Nc6 21.Qb5 Rfc8 22.a3 b6
23.e3 Rb7 24.Re1 Bf5 25.Rbc1 Rbc7 26.Qb2 Be4  1/2-1/2

[Event "Wch Seniors"]
[Site "Bad Wildbad"]
[Date "1997.??.??"]
[Round "8"]
[White "Taimanov, Mark E"]
[Black "Darga, Klaus"]
[Result "1/2-1/2"]
[WhiteElo "2425"]
[BlackElo "2450"]

1.Nf3 Nf6 2.c4 e6 3.Nc3 c5 4.g3 b6 5.Bg2 Bb7 6.O-O Be7 7.b3 O-O 8.Bb2 d5
9.cxd5 Nxd5 10.Rc1 Nxc3 11.Bxc3 Nc6 12.Qc2 Bf6 13.Rfd1 Rc8 14.Qb2 Bxc3 15.Qxc3 Qc7  1/2-1/2

[Event "Bad Woerishofen op"]
[Site "Bad Woerishofen"]
[Date "1997.??.??"]
[Round "3"]
[White "Eingorn, Vereslav S"]
[Black "Heinbuch, Detlef"]
[Result "1-0"]
[WhiteElo "2595"]
[BlackElo "2365"]

1.c4 c5 2.Nf3 Nf6 3.Nc3 e6 4.g3 b6 5.Bg2 Bb7 6.O-O a6 7.Re1 d6 8.e4 Nbd7
9.d4 cxd4 10.Nxd4 Rc8 11.e5 Bxg2 12.exf6 Ba8 13.fxg7 Bxg7 14.Nf5 O-O 15.Nxg7 Kxg7
16.Qxd6 Rxc4 17.b3 Qc7 18.Bh6+ Kxh6 19.Qd2+ Kg7 20.bxc4 Qc6 21.Ne4 f5 22.Rad1 Nf6
23.Qg5+ Kh8 24.Rd8 Ne8 25.Qe7 Rg8 26.Rxa8  1-0

[Event "Bad Woerishofen op"]
[Site "Bad Woerishofen"]
[Date "1997.??.??"]
[Round "9"]
[White "Espig, Lutz"]
[Black "Bischoff, Klaus"]
[Result "0-1"]
[WhiteElo "2405"]
[BlackElo "2550"]

1.Nf3 c5 2.c4 Nf6 3.Nc3 e6 4.g3 b6 5.Bg2 Bb7 6.O-O a6 7.b3 Be7 8.d4 cxd4
9.Qxd4 d6 10.Ba3 Nc6 11.Qf4 Qc7 12.Rfd1 Rd8 13.Ng5 O-O 14.Nge4 Ne8 15.Qe3 Na7
16.Rac1 Nc8 17.Bb2 Qb8 18.a4 d5  0-1

[Event "Stadtcasino op"]
[Site "Baden"]
[Date "1997.??.??"]
[Round "?"]
[White "Sher, Miron N"]
[Black "Jurek, Josef"]
[Result "1/2-1/2"]
[WhiteElo "2470"]
[BlackElo "2395"]

1.c4 Nf6 2.Nc3 c5 3.Nf3 e6 4.e3 d5 5.d4 a6 6.cxd5 exd5 7.Be2 Nc6 8.O-O cxd4
9.Nxd4 Bd6 10.Nf3 O-O 11.b3 Re8 12.Bb2 Bc7 13.Rc1 Qd6 14.g3 Bh3 15.Re1 Rad8
16.Nd4 h5 17.Nxc6 bxc6 18.Na4  1/2-1/2

[Event "Landesliga Nord9798"]
[Site "Bayern"]
[Date "1997.??.??"]
[Round "?"]
[White "Schwalbe, Gerhard"]
[Black "Rohrbach, Frank"]
[Result "0-1"]
[WhiteElo "2115"]
[BlackElo "2025"]

1.Nf3 c5 2.c4 Nf6 3.Nc3 b6 4.e4 d6 5.d4 cxd4 6.Nxd4 Bb7 7.f3 e6 8.Nc2 a6
9.Bg5 Nbd7 10.Qd2 Qc7 11.Rc1 Be7 12.Be2 O-O 13.O-O Rac8 14.Kh1 Rfe8 15.Rfd1 Qb8
16.Be3 Kh8 17.Qe1 Bd8 18.Bg1 Bc7 19.Ne3 Rg8 20.Rc2 g5 21.Rcd2 Rg6 22.Qf2 Rcg8
23.Nf1 Qf8 24.Bd3 Rh6 25.Bc2 Nh5 26.g3 Ne5 27.Ne3 Rf6 28.Qg2 Rxf3 29.Ng4 Rxc3
30.bxc3 Nxg4 31.Qh3 Nhf6 32.Re1 Rg6 33.Bd4 e5 34.Bg1 Qa8 35.Qg2 Nd7 36.Qf3 Ngf6
37.Rde2 Qe8 38.Qf5 Nf8 39.Bd3 Bc8 40.Qf1 Qe6 41.Rf2 h6 42.Qe2 N8h7 43.Qf1 a5
44.Rb2 Nd7 45.Qg2 g4 46.Be3 Bb7 47.Qc2 Nc5 48.Bxc5 dxc5 49.Kg1 Ng5 50.Re3 Rg8
51.Kf1 Rd8 52.Rb1 Ba6 53.Kg2 f5 54.h4 gxh3+ 55.Kh2 f4 56.Re2 Nf3+  0-1

[Event "Oberliga Bayern9697"]
[Site "Bayern"]
[Date "1997.??.??"]
[Round "?"]
[White "Gasthofer, Viktor"]
[Black "Pohl Kuemmel, Jens Uwe"]
[Result "1/2-1/2"]
[WhiteElo "2370"]
[BlackElo "2260"]

1.c4 Nf6 2.Nc3 c5 3.Nf3 g6 4.d4 cxd4 5.Nxd4 Bg7 6.e4 d6 7.Be2 Nc6 8.Be3 O-O
9.f3 Nxd4 10.Bxd4 Be6 11.Rc1 Qa5 12.Qd2 Rfc8 13.b3 a6 14.Be3 b5 15.Nd5 Qxd2+
16.Kxd2 Nxd5 17.cxd5 Bd7 18.g4 Bb2 19.Rxc8+ Rxc8 20.Rb1 Bc3+ 21.Kd1 e6 22.Rc1 exd5
23.exd5 Be5 24.Rxc8+ Bxc8 25.f4 Bg7 26.Kc2 Kf8 27.Bf3 Ke7 28.Kd3 Bb2 29.Bd2 Bd7
30.Bd1 Bc8 31.Ke3 Bd7  1/2-1/2

[Event "Oberliga Bayern9697"]
[Site "Bayern"]
[Date "1997.??.??"]
[Round "?"]
[White "Pezerovic, Edin"]
[Black "Mandl, Robert"]
[Result "1/2-1/2"]
[WhiteElo "2435"]
[BlackElo "2410"]

1.Nf3 c5 2.c4 Nf6 3.Nc3 g6 4.g3 Bg7 5.Bg2 O-O 6.O-O d5 7.cxd5 Nxd5 8.Nxd5 Qxd5
9.d3 Nc6 10.Nd2 Qd7 11.Rb1 b6 12.b3 Bb7 13.Bb2 Nd4 14.Bxb7 Qxb7 15.Bxd4 cxd4
16.b4 Rfc8 17.b5 Rc3 18.Nc4 Rc8 19.a4 Rc5 20.Qd2 Rh5 21.f4 Qd7 22.Rf3 Qh3
23.Rf2 Rc5 24.Qa2 h5 25.Rbf1 h4 26.Rg2 hxg3 27.Rxg3 Qh4 28.Kg2 Rh5 29.h3 Rc5
30.Rgf3 e6 31.Qd2 Qd8 32.Kh2 Rf5 33.Kh1 Qe7 34.Kg2 Qc5 35.Kh1 Qb4 36.Qa2 Qc5
37.Qd2 Qb4 38.Qa2 Qc5 39.Qd2 Qb4  1/2-1/2